MDQL
is popping MORE tags! Check the
thread
!
Quizzes
Events
Quiz Creation
Community
Videos
Private Events
Remove Ads
Sign In
Join for FREE
Feedback
Dark Mode
Quiz Categories
Sports
Geography
Music
Movies
Television
Just For Fun
Miscellaneous
History
Literature
Language
Science
Gaming
Entertainment
Religion
Holiday
For Kids
Quiz Lab
Recent
Popular Today
Quiz Kudos Today
Editor Picks
Curator Picks
Quizzes by...
Day
Popularity
Type
Ratings
Length
Year
Community
Subscriptions
Recent Discussions
Orange Saloon
Badges
Playlists
Quests
Create
Leaderboards
Showdown
Live 5
Trivia Bingo
Activity
Puzzle Library
Sporcle Events
Private Events
Virtual Trivia
Globe League
Become a Host
Pub Owners
SporcleCon
Opinionation
Our Games
Videos
Blog
Mobile Apps
Partnerships
Remove Ads and Go Orange
Feedback
Sports
Athletes
MLB
NBA
NHL
NFL
Soccer
Sports Teams
WWE
NCAA
Football
Premier League
Basketball
Baseball
Hockey
Golf
Tennis
Cricket
Rugby
Auto Racing
Olympics
World Cup
Sports
Athletes
MLB
NBA
NHL
NFL
Soccer
Sports Teams
WWE
NCAA
Football
Premier League
Basketball
Baseball
Hockey
Golf
Tennis
Cricket
Rugby
Auto Racing
Olympics
World Cup
Random Quiz
Search Sporcle
×
Quiz Lab
Quiz Lab
Sports
MLB
Type in answers that appear in a list
Type in answers that appear in a list
Classic
Best Score? Go Orange.
3000 Hit Club - Chronologically Stats
Can you name the players with 3000 MLB hits in the order that they achieved the milestone?
By
EpicWinFTW
10m
28 Questions
2,156 Plays
2,156 Plays
2,156 Plays
Comments
Comments
Give Quiz Kudos
Give Quiz Kudos
-
- Ratings
hide this ad
Forced Order
Answers have to be entered in order
Answers have to be entered in order
Replay
Link that replays current quiz
Next Quiz
Link to next quiz in quiz playlist
You Got
0%
They Got
Avg Score
75%
Avg Friend Score
Upgrade to see
Score Distribution
Jump to the score distribution portion of the page
Score
0/28
Timer
10:00
0
Plays Today
Date
Player
% Correct
August 19, 1921
Ty Cobb
91.1%
July 17, 1897
Cap Anson
88.5%
June 9, 1914
Honus Wagner
86%
July 9, 2011
Derek Jeter
85.9%
July 18, 1970
Willie Mays
83.1%
May 17, 1970
Hank Aaron
82.8%
May 5, 1978
Pete Rose
80.4%
May 13, 1958
Stan Musial
80.2%
September 30, 1972
Roberto Clemente
79.3%
September 27, 1914
Nap Lajoie
78.2%
May 17, 1925
Tris Speaker
77.5%
August 6, 1999
Tony Gwynn
76.8%
August 7, 1999
Wade Boggs
75.7%
September 9, 1992
Robin Yount
75.2%
Date
Player
% Correct
August 4, 1985
Rod Carew
74.2%
September 30, 1992
George Brett
74.2%
September 16, 1996
Paul Molitor
74%
June 28, 2007
Craig Biggio
73.5%
April 15, 2000
Cal Ripken, Jr.
73.1%
June 30, 1995
Eddie Murray
71.7%
September 16, 1993
Dave Winfield
70.7%
June 3, 1925
Eddie Collins
70.1%
July 15, 2005
Rafael Palmeiro
68.4%
October 7, 2001
Rickey Henderson
67.9%
August 13, 1979
Lou Brock
66.6%
September 12, 1979
Carl Yastrzemski
66.5%
September 24, 1974
Al Kaline
66.1%
June 19, 1942
Paul Waner
65.6%
Quiz Playlist
Details
Report
Send in Message
Add To Playlist
Classic:
Type in answers that appear in a list
Forced Order:
Answers have to be entered in order
Last Updated: Feb 16, 2017
Quiz Scoreboard
CHALLENGE
Sign Up to Join the Scoreboard
Show All
Scores
Hide
Comments
May contain spoilers
Recently Published
5x2 Blitz: Bands
by SL_Kpop136
Music
30s
Colored Red Africa Blitz
by spor1
Geography
30s
Find the 'City' Movie
by crazypaving
Movies
60s
More to Explore
Quiz From the Vault
Featured Blog Post
14 Easter Pick-up Lines to Find Eggs With
hide this ad
You Might Also Like...
Tags
Baseball Quiz
MLB Quiz
3000
3000 Hits
chronological
Chronologically
Chronology
hit
Hits Leaders
MLB Player
Order
Ordered
Today's Top Quizzes in Sports
Browse Sports
hide this ad
Today's Top Quizzes in MLB
Browse MLB
Top Contributed Quizzes in Sports
1
Players with Multiple 50 Home Run Seasons
2
Les entraîneurs de l'OM et du PSG au 21e siècle
3
Criteria MLB: Left Handed Sluggers
4
2022 World Cup Stars
5
Les meilleurs buteurs des matchs entre le PSG et l’OM
6
Who Hit More Homers?
7
Les joueurs passés par le PSG et l'OM
8
NBA Logic Puzzle 2.0
9
Top 10 NHL Goal Scorers of All Time
10
MLB Players with Two .350 Batting Average Seasons
Explore More
Trending Topics
Kpop
NBA
Disney
Anime
Harry Potter
Crossword
Marvel
Pokémon
Soccer
The Office
Song
Puzzle
NFL
Country
WWE
hide this ad
More By:
EpicWinFTW
Quiz
Plays
Rating
Category
Featured
Created
200 Most Popular MLB Players Ever (Baseball-Reference)
11,504
4.17
Sports
Jul 19, 2011
Hart Trophy (NHL MVP) Voting: 2000-09
3,516
4.82
Sports
Mar 25, 2011
2014 FIFA World Cup Nations by Population
3,191
4.27
Sports
Dec 1, 2013
NFL Top 100 Yards from Scrimmage
2,829
4.27
Sports
Feb 6, 2011
2011 Stanley Cup Finals Rosters
2,188
4.71
Sports
Jun 15, 2011
Go to Creator's Profile
Score Distribution
Quiz Creator Spotlight
EpicWinFTW
Follow
Send a Message
Quizzes Created
-
Created Quiz Play Count
-
More By This Creator
Popular Quizzes Today
1
Colored Red Africa Blitz
2
Find the 'City' Movie
3
Find the US States - No Outlines Minefield
4
5x2 Blitz: Bands
5
The Countries of the World
6
Find the US States
7
US States
8
9x9 Crossword: Cartoon Network
More Sports Quizzes
1990s New York Knicks Top Scorers
Quiz Lab
Trending Quizzes
Colored Red Europe Blitz I
Colored Red Europe Blitz II
Colored Red Africa Blitz II
Colored Red Europe Blitz III
Colored Red Africa Blitz III
Recently Updated
How Do You Spell That?
pecheneg
Godzilla Movies
pecheneg
Grab Bag: 4-10 Letters
pecheneg
2024 March Madness Bracket
pecheneg
Famous TV Couples
Peacemaker
Champions League XIs: Real Madrid
pecheneg
Largest US Cities 1790-2010
pecheneg
Rides in Walt Disney World
pecheneg
Most Oscar Losses (Acting)
pecheneg
Beyoncé Albums
pecheneg
Trending Topics
Marvel
NBA
Kpop
Disney
Crossword
Anime
Harry Potter
NFL
Country
The Office
Pokémon
Song
Puzzle
WWE
Soccer
Your Account Isn't Verified!
In order to create a playlist on Sporcle, you need to verify the email address you used during registration. Go to your
Sporcle Settings
to finish the process.
Report this User
Report this user for behavior that violates our
Community Guidelines
.
Details:
Send Report
Go to the Sporcle.com Mobile Site →
Comments